00772nam a22002177a 4500010001300000020002300013035001300036037001800049040001200067082001600079245008600095260003600181270003500217300003600252650004800288650002700336650001800363942002500381999001900406952012900425 aB-025930 a8172743491c300.00 aB-025930 bCen Lib / Ret aDPLbEn a351.86bNAB aCompilation of CPWD manual ba handbookfor government officials and contractors / aDelhibNabhi Publicationsc2000 aP.O. Box no. 37bDelhie110001 av 2. (various pages)c27cm(PBK) aIndia. -- Central Public Works Department.  aPublic works -- India. aPublic works. 2ddccENh351.86mNAB c136948d136948 00103v 24070aLbLd2016-03-12eCen Lib/Retg300.00l0o351.86 NABpB-025930r2016-03-12 00:00:00v300.00w2016-03-12yEN